000 00332nam a22001457a 4500
008 210311b ||||| |||| 00| 0 eng d
020 _a0803683073
041 _aeng
080 _a610.73
082 _a610.73
100 _a3
101 _aSHM
245 _aTaber s Cyclopedic Medical Dictionary
_c Thomas, C. L
942 _2udc
_cBK
999 _c56451
_d56451